Top 25 Trading Partners - Barbados - Statistics

General Stats
  • This quiz has been taken 47 times
  • The average score is 43 of 50
Answer Stats
Hint Answer % Correct
13th Place: 8,428 United Kingdom
100%
4th Place: 65,933 United Kingdom
100%
1st Place: 103,689 United States of America
100%
1st Place: 631,860 United States of America
100%
7th Place: 12,670 Canada
98%
7th Place: 33,905 Canada
98%
11th Place: 9,017 France
98%
11th Place: 24,074 France
98%
9th Place: 27,700 Mexico
98%
15th Place: 3,265 Bahamas
93%
8th Place: 31,956 Bahamas
93%
14th Place: 17,583 Brazil
93%
20th Place: 1,445 China
93%
3rd Place: 94,434 China
93%
5th Place: 21,173 St. Lucia
93%
8th Place: 12,370 St. Vincent and the Grenadines
93%
12th Place: 8,849 Dominica
91%
25th Place: 682 Germany
91%
13th Place: 19,227 Germany
91%
9th Place: 11,491 Grenada
91%
16th Place: 3,156 Netherlands
91%
6th Place: 37,813 Netherlands
91%
10th Place: 9,311 St. Kitts and Nevis
91%
2nd Place: 31,692 Trinidad and Tobago
91%
2nd Place: 285,724 Trinidad and Tobago
91%
4th Place: 22,819 Jamaica
88%
18th Place: 12,723 Jamaica
88%
5th Place: 41,065 Japan
88%
22nd Place: 754 Belgium
86%
23rd Place: 9,872 Italy
86%
17th Place: 3,084 Panama
86%
25th Place: 7,661 Panama
86%
21st Place: 10,357 South Korea
86%
6th Place: 17,801 Antigua and Barbuda
84%
18th Place: 2,159 Dominican Republic
84%
20th Place: 11,870 Dominican Republic
84%
16th Place: 13,312 India
84%
19th Place: 11,973 Costa Rica
81%
19th Place: 2,105 Nicaragua
77%
24th Place: 724 Turkey
74%
24th Place: 8,573 Turkey
74%
23rd Place: 753 United Arab Emirates
72%
21st Place: 1,058 Belize
70%
3rd Place: 26,929 Guyana
67%
22nd Place: 10,356 Guyana
67%
14th Place: 4,849 Suriname
67%
17th Place: 13,119 Sweden
67%
15th Place: 16,962 Switzerland
67%
12th Place: 21,752 New Zealand
51%
10th Place: 25,462 Thailand
49%
No matching quizzes found
Score Distribution
Percent of People with Each Score
Percentile by Number Answered
Your Score History
You have not taken this quiz